| 000 | 00508 a2200169 4500 | ||
|---|---|---|---|
| 999 |
_c6387 _d6387 |
||
| 020 | _a9780713177329 | ||
| 050 | _aTX 912 BRA 1998 | ||
| 100 |
_aBranson, Joan C. _eauthor |
||
| 245 |
_aHotel, hostel and hospital housekeeping / _cJoan C. Branson and Margaret Lennox |
||
| 250 | _a5th ed. | ||
| 264 |
_aU.K: _bHodder Education, _c1998 |
||
| 300 |
_a307p.: _bill. |
||
| 500 | _aIncludes index | ||
| 650 | _aInterior Housekeeping | ||
| 700 |
_aLennox, Margaret _eauthor |
||
| 942 |
_2lcc _cBK _e5th ed. _h912 _iBRA _kTX |
||